Statistics for Geography starting with M

Click here to take the quiz!

General Stats

  • This quiz has been taken 78 times
  • The average score is 7 of 10

Answer Stats

LettersClueAnswer% Correct
6Philippines capitalManila
99%
4Landlocked African countryMali
95%
5New England stateMaine
93%
7Country between Ukraine and RomaniaMoldova
88%
9Part of Former YugoslaviaMacedonia
84%
10North American capitalMexico City
77%
11US State known as Magnolia stateMississippi
72%
13One of the Thirteen ColoniesMassachusetts
72%
8Second largest island of PhilippinesMindanao
23%
12Large city in Florida that has largest Afro American populationMiami Gardens
4%

Score Distribution

Percentile by Number Answered

Percent of People with Each Score

Your Score History

You have not taken this quiz